01449nam a2200337Ia 4500001001200000003000800012006001900020007001500039008004100054020001800095040002100113035002100134050002800155100003200183245013000215250002200345260005500367300001900422504005100441533015200492610004900644650004600693650003800739650004000777651005500817651005000872655002900922710001700951856012600968999001701094ebr10392975CaPaEBRm u cr cn|||||||||940216s1996 miua sb s001 0 eng d z9780472083848 aCaPaEBRcCaPaEBR a(OCoLC)65166364714aHQ1236.5.U6bB87 1996eb1 aBurrell, Barbara C.,d1947-12aA woman's place is in the Househ[electronic resource] :bcampaigning for Congress in the feminist era /cBarbara C. Burrell. a1st paperback ed. aAnn Arbor :bUniversity of Michigan Press,cc1996. a211 p. :bill. aIncludes bibliographical references and index. aElectronic reproduction.bPalo Alto, Calif. :cebrary,d2010.nAvailable via World Wide Web.nAccess may be limited to ebrary affiliated libraries.10aUnited States.bCongress.bHousexElections. 0aWomenxPolitical activityzUnited States. 0aWomen legislatorszUnited States. 0aPolitical campaignszUnited States. 0aUnited StatesxPolitics and governmenty1945-1989. 0aUnited StatesxPolitics and governmenty1989- 7aElectronic books.2local2 aebrary, Inc.40uhttp://site.ebrary.com/lib/rucke/Doc?id=10392975zAn electronic book accessible through the World Wide Web; click to view c89065d89065